มุมมองปกติ
มุมมองแบบ MARC
- การศึกษานอกระบบโรงเรียน
รายการ Topical Term
001 - CONTROL NUMBER
- control field: 425
003 - CONTROL NUMBER IDENTIFIER
- control field: NALT
005 - DATE AND TIME OF LATEST TRANSACTION
- control field: 20190325133840.0
008 - FIXED-LENGTH DATA ELEMENTS
- fixed length control field: 170616|| aca||aabn | a|a d
040 ## - CATALOGING SOURCE
- Original cataloging agency: NALT
- Transcribing agency: NALT
150 ## - HEADING--TOPICAL TERM
- Topical term or geographic name entry element: การศึกษานอกระบบโรงเรียน
- General subdivision: กิจกรรมการเรียนการสอน
670 ## - SOURCE DATA FOUND
- Source citation: Work cat.: (NALT)66683: รุ่งรัตน์ ผลสวัสดิ์ 423, ผลของการจัดกิจกรรมการศึกษานอกระบบโรงเรียนตามแนวคิดการเรียนรู้แบบร่วมมือที่มีต่อสัมพันธภาพระหว่างบุคคลของเยาวชนพิการทางร่างกาย /, 2554
